[Топографическая карта мира]: Карты. 15-01-71-10. Ярославль (Запись № 11798817)

Подробности
000 -МАРКЕР
контрольное поле 01466nem2a2200301 4500
001 - ИДЕНТИФИКАТОР ЗАПИСИ
контрольное поле RU\NLR\BIBL_A\011785559
005 - ИДЕНТИФИКАТОР ВЕРСИИ
контрольное поле 20250626131759.0
035 ## - ДРУГИЕ СИСТЕМНЫЕ НОМЕРА
Идентификатор записи (NLR Aleph) 011785559
100 ## - ДАННЫЕ ОБЩЕЙ ОБРАБОТКИ
Данные общей обработки 20180910d1974 |||y0rusy50 ca
101 0# - ЯЗЫК РЕСУРСА
Язык текста, звукозаписи и т.д. русский
102 ## - СТРАНА ПУБЛИКАЦИИ ИЛИ ПРОИЗВОДСТВА
Страна публикации Российская Федерация
120 ## - ПОЛЕ КОДИРОВАННЫХ ДАННЫХ: КАРТОГРАФИЧЕСКИЕ МАТЕРИАЛЫ - ОБЩИЕ ХАРАКТЕРИСТИКИ
Кодированные данные о картографическом материале (общие) byy xx||
123 1# - ПОЛЕ КОДИРОВАННЫХ ДАННЫХ: КАРТОГРАФИЧЕСКИЕ МАТЕРИАЛЫ - МАСШТАБ И КООРДИНАТЫ
Тип масштаба a
Постоянное отношение линейного горизонтального масштаба 500000
200 1# - ЗАГЛАВИЕ И СВЕДЕНИЯ ОБ ОТВЕТСТВЕННОСТИ
Основное заглавие 15-01-71-10. Ярославль
Общее обозначение материала Карты
Сведения, относящиеся к заглавию СССР РСФСР.
Первые сведения об ответственности Сост. в 1972 г. Подгот. и изд. в 1974г.
Последующие сведения об ответственности Ред. А. Б. Кириллов
206 ## - ОБЛАСТЬ СПЕЦИФИЧЕСКИХ СВЕДЕНИЙ: КАРТОГРАФИЧЕСКИЕ МАТЕРИАЛЫ - МАТЕМАТИЧЕСКИЕ ДАННЫЕ
Сведения о математических данных 1:500000, 5 км в 1 см
210 ## - ПУБЛИКАЦИЯ, РАСПРОСТРАНЕНИЕ И ДР.
Место издания, распространения и т.д. [Москва
Имя издателя, распространителя и т. д. Генеральный штаб]
Дата издания, распространения и т.д. 1974
215 ## - ФИЗИЧЕСКАЯ ХАРАКТЕРИСТИКА
Специфическое обозначение материала и объем 1к.
Другие сведения о физической характеристике цв.
Размеры 110х85 см
300 ## - ОБЩИЕ ПРИМЕЧАНИЯ
Текст примечания В надзаг.: Генеральный штаб
461 #0 - УРОВЕНЬ НАБОРА
Встроенное поле 001RU\NLR\BIBL_A\011795948
-- 2001#$a[Топографическая карта мира]
Системный номер (АБИС) связанной записи 11846948
Место публикации [Москва
Дата публикации 1974 - 1999
Имя издателя, распространителя и т.д. Генеральный штаб]
Физическая характеристика 10 к.
Заглавие [Топографическая карта мира]: Карты
509 01 - ЗАГОЛОВОК -СТРУКТУРИРОВАННОЕ ГЕОГРАФИЧЕСКОЕ ИЛИ ТЕМАТИЧЕСКОЕ НАИМЕНОВАНИЕ
Графика поля Кириллица
Географическое / тематическое наименование – начальный элемент ввода Россия. Европейская часть
Идентифицирующий признак центр
Системный номер авторитетной/нормативной записи 2633436
Идентификатор авторитетной / нормативной записи RU\NLR\auth_crt\55258
607 ## - ГЕОГРАФИЧЕСКОЕ НАИМЕНОВАНИЕ КАК ПРЕДМЕТ
Географическое наименование Россия
Формальный подзаголовок Карты
Географический подзаголовок Европейская часть
Системный номер авторитетной/нормативной записи 2188594
Идентификатор авторитетной/нормативной записи RU\NLR\AUTH\661315754
608 ## - ФОРМА, ЖАНР, ФИЗИЧЕСКИЕ ХАРАКТЕРИСТИКИ ДОКУМЕНТА КАК ТОЧКА ДОСТУПА
Начальный элемент ввода Общегеографические карты среднемасштабные
Системный номер авторитетной/нормативной записи 2324579
Идентификатор авторитетной/нормативной записи RU\NLR\AUTH\661390487
702 #1 - ИМЯ ЛИЦА - ВТОРИЧНАЯ ОТВЕТСТВЕННОСТЬ
Начальный элемент ввода Кирилов
Часть имени, кроме начального элемента ввода А. Б.
Код отношения Редактор
852 ## - МЕСТОНАХОЖДЕНИЕ И ШИФР ХРАНЕНИЯ
Идентификатор организации NLR
Наименование фонда или коллекции (Sub-Location Identifier) К
Шифр хранения (Call Number) 4-Мир 4/3879
Идентификатор единицы 84451
942 ## - ДОПОЛНИТЕЛЬНЫЕ ЭЛЕМЕНТЫ ЗАПИСИ (АБИС)
Тип экземпляра АБИС Карта
980 ## - КОЛЛЕКЦИЯ
Название коллекции Национальная библиография
Экземпляры
Тип экземпляра Дата поступления Библиотека постоянного хранения Библиотека текущего хранения Место хранения Шифр хранения Штрих-код Статус экземпляра
Карта 17.09.2018 РНБ (Садовая) РНБ (Садовая) Фонд картографических изданий К 4-Мир 4/3879 ERR-123825